Chapha Bolena! (Record no. 362716)

MARC details
000 -LEADER
fixed length control field 003330000a22001450004500
005 - DATE AND TIME OF LATEST TRANSACTION
control field 20120302064642.0
040 ## - CATALOGING SOURCE
Original cataloging agency mar
100 ## - MAIN ENTRY--PERSONAL NAME
Personal name Joshi , Vimala
245 ## - TITLE STATEMENT
Title Chapha Bolena!
260 ## - PUBLICATION, DISTRIBUTION, ETC. (IMPRINT)
Place of publication, distribution, etc Pune: Suraj; Pralasjam. 1993 .
300 ## - PHYSICAL DESCRIPTION
Extent 126 p.
365 ## - TRADE PRICE
Price amount Rs.60/-
650 ## - SUBJECT ADDED ENTRY--TOPICAL TERM
Topical term or geographic name as entry element Sankirna / Vanaspati / Phulzade
942 ## - ADDED ENTRY ELEMENTS (KOHA)
Koha item type Book
Holdings
Withdrawn status Lost status Damaged status Not for loan Home library Current library Date acquired Total Checkouts Barcode Date last seen Price effective from
        Institute For Oriental Study, Thane Institute For Oriental Study, Thane 12/02/2009   IOS-M 23770 12/02/2009 12/02/2009